Countries by Water Use - Statistics

General Stats
  • This quiz has been taken 185 times
  • The average score is 11 of 20
Answer Stats
Water Use Country % Correct
3 444 300 United States
98%
7 3 794 United States
98%
2 598 100 China
95%
1 761 000 India
91%
10 81 450 Japan
82%
7 86 580 Mexico
82%
4 222 600 Indonesia
75%
5 183 500 Pakistan
69%
6 93 300 Iran
62%
8 3 707 Iran
62%
9 82 030 Vietnam
62%
8 85 140 Philippines
59%
2 5 935 Chile
35%
1 16 281 Turkmenistan
21%
4 4 754 Uzbekistan
20%
6 4 281 Kyrgyzstan
19%
5 4 547 Tajikistan
19%
10 3 556 Azerbaijan
17%
9 3 580 Estonia
9%
3 5 283 Guyana
9%
No matching quizzes found
Score Distribution
Percent of People with Each Score
Percentile by Number Answered
Your Score History
You have not taken this quiz